00562cam a2200193Ii 45000010008000000030004000080050017000120080041000290350015000700400018000850500018001030820015001211000031001362450086001672600051002533000020003047000020003247000024003443573047OSt20181024163944.0780120s1974 ii 000 0 eng d atcgc211035 aKATcKATdTSM aBV5082b.S512 a233bS617R1 aSingh, Sundar,d1889-1929.10aReality and Religion: Meditations on God, Man and Nature/cby Sadhu Sundar Singh. aMadras :bChristian Literature Society,c1925. a55 p. ;c18 cm.1 aParker, Arthur.1 aPārkar, E.,cMrs.